The roots of Thai art / (Record no. 3978)

MARC details
000 -LEADER
fixed length control field 00776cam a2200217 4500
001 - CONTROL NUMBER
control field 4793
005 - DATE AND TIME OF LATEST TRANSACTION
control field 20181127174131.0
008 - FIXED-LENGTH DATA ELEMENTS--GENERAL INFORMATION
fixed length control field 120803s2012 th ab b 001 0 eng
010 ## - LIBRARY OF CONGRESS CONTROL NUMBER
LC control number 2012331684
020 ## - INTERNATIONAL STANDARD BOOK NUMBER
International Standard Book Number 9786167339115
100 0# - MAIN ENTRY--PERSONAL NAME
Personal name Piriya Krairk,
Dates associated with a name 1942-
245 14 - TITLE STATEMENT
Title The roots of Thai art /
Statement of responsibility, etc. Piriya Krairiksh ; translated by Narisa Chakrabongse ; photography by Piriya Krairiksh and Paisarn Piemmettawut.
260 ## - PUBLICATION, DISTRIBUTION, ETC.
Place of publication, distribution, etc. Bangkok :
Name of publisher, distributor, etc. River Books
Date of publication, distribution, etc. 2012.
300 ## - PHYSICAL DESCRIPTION
Extent 416 p. :
Other physical details ill. (chiefly col.), col. maps ;
Dimensions 30 cm.
504 ## - BIBLIOGRAPHY, ETC. NOTE
Bibliography, etc. note Includes bibliographical references (p. 400-407) and index.
650 #0 - SUBJECT ADDED ENTRY--TOPICAL TERM
Topical term or geographic name entry element Art, Thai.
Topical term or geographic name entry element Buddhist art
Geographic subdivision Thailand.
Topical term or geographic name entry element Hindu art
Geographic subdivision Thailand.
700 0# - ADDED ENTRY--PERSONAL NAME
Personal name Narisa Chakrabongse,
Titles and other words associated with a name M. R.
Personal name Phaisan Piammettawat.
Holdings
Withdrawn status Lost status Source of classification or shelving scheme Damaged status Not for loan Collection code Home library Current library Shelving location Serial Enumeration / chronology Inventory number Total Checkouts Full call number Barcode Date last seen Price effective from Koha item type
    Dewey Decimal Classification     Main TEST RTC Library RTC Library Main opac 7564   704.94 KRA 30007708 27/11/2018 27/11/2018 Main
Royal Thimphu College || All Right Reserved